| 000 | 01501cam a22003497a 4500 | ||
|---|---|---|---|
| 001 | 16477524 | ||
| 003 | OSt | ||
| 005 | 20211021103435.0 | ||
| 008 | 100927s2011 ne a b 000 0 eng d | ||
| 010 | _a 2010937993 | ||
| 020 | _a9789048197002 | ||
| 035 | _a(OCoLC)ocn708221590 | ||
| 038 | _aKhadija | ||
| 040 |
_aNhCcYBP _cN15 _dOIP _dBTCTA _dYDXCP _dOHX _dPAU _dDLC |
||
| 042 | _alccopycat | ||
| 050 | 0 | 0 |
_aTK7875 _b.O78 2011 |
| 082 |
_a621.381 _bOST |
||
| 100 | 1 |
_aOstasevicius, Vytautas. _983314 |
|
| 245 | 1 | 0 |
_aMicrosystems dynamics / _cVytautas Ostasevicius ; Rolanas Dauksevicius. |
| 260 |
_aDordrecht ; _aNew York : _bSpringer, _cc2011. |
||
| 300 |
_aviii, 214 p. : _bill. ; _c25 cm. |
||
| 490 | 1 |
_aInternational series on intelligent systems, control and automation : science and engineering ; _vv. 44 |
|
| 504 | _aIncludes bibliographical references. | ||
| 563 | _aHardcover | ||
| 650 | 0 |
_aMicroelectromechanical systems _xDynamics. _983315 |
|
| 830 | 0 |
_aInternational series on intelligent systems, control and automation--science and engineering ; _vv. 44. _983316 |
|
| 856 | 4 | 2 |
_3Publisher description _uhttp://www.loc.gov/catdir/enhancements/fy1305/2010937993-d.html |
| 856 | 4 | 1 |
_3Table of contents only _uhttp://www.loc.gov/catdir/enhancements/fy1305/2010937993-t.html |
| 906 |
_a7 _bcbc _ccopycat _d2 _encip _f20 _gy-gencatlg |
||
| 942 |
_2ddc _cBK |
||
| 999 |
_c33246 _d33246 |
||